000 00554nam a22001817a 4500
005 20251108172445.0
008 250721s1997 xx 000 0 ara d
082 1 4 _a810.09/خلي
100 1 _aخليل، إبراهيم
245 1 0 _aأسلوبية و نظرية النص /
264 1 _aبيروت :
_bالمؤسسة العربية للدراسات و النشر،
_c1997.
300 _a161ص.
650 1 7 _aالأدب العربي
650 1 7 _aالنقد الأدبي
650 1 7 _aعلم البلاغة
942 _2ddc
_cBK
999 _c79808
_d79808